| 000 | 00613nam a2200205 i 4500 | ||
|---|---|---|---|
| 001 | 181408 | ||
| 003 | ES-MaACL | ||
| 005 | 20240227205259.0 | ||
| 008 | 130114s2011 sp | |||||||| | spa d | ||
| 080 | _a821.134.2-31"19" | ||
| 100 | 1 |
_aMadrid, Juan ( _d1947-) _9145470 |
|
| 245 | 1 | 0 |
_aAdiós, princesa / _cJuan Madrid. |
| 260 |
_a[Madrid] : _bDiario Público, _cD.L. 2011. |
||
| 300 |
_a379 p. ; _c18 cm. |
||
| 490 | 1 | _aColección Novela negra | |
| 830 | 0 |
_aNovela negra _9191448 |
|
| 852 |
_aES-MaACL _jA-12427 _9188308 _bR.147211 _cDEPO1 _dOlim: N-5432 |
||
| 942 |
_2udc _cMONOGRAFIA |
||
| 999 |
_c181408 _d181408 |
||